Au royaume des enfants L'Age d'Or / (Record no. 75240)

MARC details
000 -LEADER
campo de control de longitud fija 00530nam a2200169 i 4500
001 - NÚMERO DE CONTROL
campo de control 75240
003 - IDENTIFICADOR DE NÚMERO DE CONTROL
campo de control ES-MaACL
007 - CAMPO FIJO DE DESCRIPCIÓN FÍSICA--INFORMACIÓN GENERAL
campo de control de longitud fija t|
008 - DATOS DE LONGITUD FIJA--INFORMACIÓN GENERAL
campo de control de longitud fija 040923s1935 fr ||||1| fre d
100 1# - ENTRADA PRINCIPAL--NOMBRE DE PERSONA
Nombre de persona Grahame, Kenneths.
9 (RLIN) 59530
245 13 - MENCIÓN DEL TÍTULO
Título Au royaume des enfants L'Age d'Or /
Mención de responsabilidad, etc. Kenneths Grahame ; traduit de l'anglais par Léo Lack.
250 ## - MENCION DE EDICION
Mención de edición 2eme ed.
260 ## - PUBLICACIÓN, DISTRIBUCIÓN, ETC.
Lugar de publicación, distribución, etc. Paris :
Nombre del editor, distribuidor, etc. Mercure de France,
Fecha de publicación, distribución, etc. 1935 (
Lugar de fabricación/manufactura Saint-Amand, Cher :
Fabricante R. Bussiére)
300 ## - DESCRIPCIÓN FÍSICA
Extensión 221 p. ;
Dimensiones 19 cm.
700 1# - ENTRADA AGREGADA--NOMBRE PERSONAL
Nombre de persona Lack, Leo.
9 (RLIN) 69370
852 ## - LOCALIZACIÓN
Ubicación ES-MaACL
Número de control de estantería C-7396
Holdings
Estatus retirado Estado de pérdida Estado de daño No para préstamo Biblioteca de origen Biblioteca actual Ubicación en estantería Fecha de adquisición Fuente de adquisición Total de préstamos Signatura topográfica completa Código de barras Visto por última vez Precio de reemplazo Tipo de ítem Koha
        Biblioteca del Ateneo de Madrid Biblioteca del Ateneo de Madrid Sala Palomar 17/01/2008     C-7396 1078752 23/02/2023 23/02/2023 Libro impreso